000 01570cam a2200217 4500
001 ABS67015
008 030814n2003 000 0 eng u
035 _a(Sirsi) u123270
245 _aBattle lines drawn on the village green
260 _c2003
490 _aEstates Gazette
_v(0332) 9 August 2003, 56-58(3)
520 _aSince the HL extended the definition of village green in "R v Oxfordshire CC and another ex p Sunningwell Parish Council" (HL, Abs60977), there has been a flood of applications to register land as village greens to prevent development on publicly used spaces. This is seen as a threat to developers as it deprives landowners of their property without compensation. Developer Laing Homes Ltd ("R v Buckingham CC and another ex p Laing Homes Ltd" ([2003] EWHC 1578, Abs67014) was recently successful in having a decision to register 38 acres of land at Widner End, High Wycombe quashed in the HC, although its argument that the registration of village greens is against the Human Rights Act 1998 was rejected. The Open Spaces Society founded in 1865 has helped campaigners with a number of applications to register village greens, although only a few have been successful. Brief overview of village green law.
590 _aABS
650 _aVILLAGE GREENS
650 _aLAW OF COMMONS
650 _aR V OXFORDSHIRE CC AND ANOTHER EX P SUNNINGWELL PARISH COUNCIL
650 _aR V BUCKINGHAMSHIRE CC AND ANOTHER EX P LAING HOMES LTD
650 _aCOMMONS REGISTRATION ACT 1965
690 _aPROPERTY AND LAND LAW-CASE LAW
942 _n0
999 _c73220
_d73220